| 000 | 01276nam0a22003251 4500 | ||
|---|---|---|---|
| 001 | RU\NLR\INFOCOMM_161\5000064400 | ||
| 005 | 20250613092853.0 | ||
| 035 | _a(NLR Aleph) 009183940 | ||
| 090 |
_a8588937 _c8588937 |
||
| 100 | _a20100319d1965 |||y0rusy50 ca | ||
| 101 | 0 | _aeng | |
| 102 | _aRU | ||
| 105 | _ay ||||000|y | ||
| 200 | 1 |
_aCatalytic radiation synthesis of higher carboxylic acids from ethylene and carbon dioxide _f[By] Yu. A. Kolbanovsky, L. S. Polack, V. T. Popov [a. o.] |
|
| 210 |
_a[Μ. _d1965] |
||
| 215 |
_a10 с. _d21 см |
||
| 225 | 1 |
_aAbbreviated English translations of scientific papers presented in Russian _fIUPAC. XXth International congress of pure and applied chemistry. Moscow, 12-18 July 1965 _vB 43 |
|
| 300 | _aНа обл. только надзаголовок | ||
| 309 | _aОтпеч. множит. аппаратом | ||
| 686 |
_aХ-640[Г.553.34] _2rubbk |
||
| 701 | 1 |
_9z02790 _aKolbanovskij _bYu. A. _4070 |
|
| 701 | 1 |
_aPolack _bL. S. _4070 |
|
| 701 | 1 |
_aPopov _bV. T. _4070 |
|
| 712 | 1 | 2 |
_aInternational congress of pure and applied chemistry _d20 _eMoscow _f1965 _4570 |
| 790 | 1 |
_9z02701 _aKolbanovsky _bYu. A. _4070 |
|
| 801 | 1 |
_aRU _bNLR _c20100319 |
|
| 801 | 0 |
_aRU _bNLR _gPSBO |
|
| 852 |
_aNLR _jХ01 Г-4/420 |
||
| 942 | _cBOOK | ||
| 980 | _aNB | ||